Vyjednávání je nejdynamičtejší komunikační proces
Schopnosť vyjednávať ako cesta k dosiahnutiu cieľa. Vyjednávanie ako súčasť obchodnej komunikácie v multikultúrnom prostredí. Vyjednávanie a typy ľudí. Umenie rozprávať, ale aj počúvať. Udržanie iniciatívy v obchodnej komunikácii kladením otázok.
Na minha lista:
| Autor principal: | |
|---|---|
| Formato: | Capítulo de Livro |
| Idioma: | tcheco |
| Assuntos: | |
| Tags: |
Sem tags, seja o primeiro a adicionar uma tag!
|
MARC
| LEADER | 00000naa$a2200000$$$4500 | ||
|---|---|---|---|
| 001 | 0040061 | ||
| 005 | 20231018125841.3 | ||
| 041 | 0 | |a cze | |
| 044 | |a CZ | ||
| 245 | 1 | 0 | |a Vyjednávání je nejdynamičtejší komunikační proces |c Ivan Bureš |
| 520 | |a Schopnosť vyjednávať ako cesta k dosiahnutiu cieľa. Vyjednávanie ako súčasť obchodnej komunikácie v multikultúrnom prostredí. Vyjednávanie a typy ľudí. Umenie rozprávať, ale aj počúvať. Udržanie iniciatívy v obchodnej komunikácii kladením otázok. | ||
| 610 | 2 | 0 | |a obchod |
| 610 | 2 | 0 | |a komunikácia |
| 610 | 2 | 0 | |a komunikácia multikultúrna |
| 610 | 2 | 0 | |a komunikácia marketingová |
| 610 | 2 | 0 | |a vyjednávanie |
| 100 | 1 | |a Bureš, Ivan | |